Euro výhody a riziká
Enregistré dans:
| Auteur principal: | |
|---|---|
| Collectivité auteur: | |
| Autres auteurs: | |
| Format: | Livre |
| Langue: | slovaque |
| Publié: |
Prešov
Vydavateľstvo Michala Vaška
2007
|
| Collection: | Ekonomika
|
| Sujets: | |
| Tags: |
Pas de tags, Soyez le premier à ajouter un tag!
|
MARC
| LEADER | 00000nam$a2200000$$$4500 | ||
|---|---|---|---|
| 001 | 0059727 | ||
| 005 | 20240502071648.4 | ||
| 020 | |a 978-80-7165-604-3 | ||
| 041 | 0 | |a slo | |
| 044 | |a SK | ||
| 245 | 1 | 0 | |a Euro |b výhody a riziká |c Denisa Báráňová-Čiderová, Adam Liberčan ; zost. Martina Bendíková |
| 264 | 1 | |a Prešov |b Vydavateľstvo Michala Vaška |c 2007 | |
| 300 | |a 72 s. | ||
| 490 | 1 | |a Ekonomika | |
| 830 | 0 | |a Ekonomika | |
| 610 | 2 | 0 | |a euro |
| 610 | 2 | 0 | |a euromena |
| 610 | 2 | 0 | |a politika menová |
| 610 | 2 | 0 | |a integrácia menová |
| 610 | 2 | 0 | |a Slovensko |
| 610 | 2 | 0 | |a Európska únia |
| 100 | 1 | |a Báráňová-Čiderová, Denisa, 1977- | |
| 700 | 1 | |a Liberčan, Adam | |
| 710 | 2 | |a Centrum pre európsku politiku | |